10 Smallest Countries in the World that aren't Islands - Statistics

General Stats
  • This quiz has been taken 2,979 times
  • The average score is 7 of 10
Answer Stats
Number Answer % Correct
1 Vatican City
99%
3 San Marino
94%
2 Monaco
92%
5 Andorra
90%
6 Luxembourg
84%
4 Liechtenstein
83%
7 Brunei
64%
9 Kosovo
53%
10 Gambia
48%
8 Lebanon
41%
No matching quizzes found
Score Distribution
Percent of People with Each Score
Percentile by Number Answered
Your Score History
You have not taken this quiz